Géneros de fronteira : cruzamentos entre o histórico o e literário.

Gespeichert in:
Bibliographische Detailangaben
Format: Unbekannt
Sprache:Spanish
Veröffentlicht: Sao Paulo, Brasil : Xama, 1997
Schlagworte:
Tags: Tag hinzufügen
Keine Tags, Fügen Sie den ersten Tag hinzu!

MARC

LEADER 000000000a22000000004500
001 002215
020 |a 8585833319 
041 0 |a spa 
082 0 4 |a 809.933.58   |b A267g 
245 0 0 |a Géneros de fronteira :   |b cruzamentos entre o histórico o e literário. 
260 1 |a Sao Paulo, Brasil :   |b Xama,   |c 1997 
300 |a 391 páginas ;   |c 23 cm. 
650 4 |a LITERATURA E HISTORIA 
650 4 |a CONGRESOS 
999 |c 8796  |d 8796 
942 |c BK  |h 809.933.58 A267g  |2 z